Estudio de prefactibilidad para la instalación de una planta productora y comercializadora de Té Grama envasada en el municipio de Managua
Presenta estudio de factibilidad para instalar una empresa productora y comercializadoras de bebidas naturales preenvasadas tomando e Té de Grama con limón como producto de introducción para consumidores dentro del municipio de Managua, se establecen las condiciones técnicas de producción reque...
| Main Authors: | , , |
|---|---|
| Other Authors: | |
| Format: | Tesis Section = Libro |
| Language: | Undetermined Spanish |
| Published: |
Managua
UNI
2010
|
| Subjects: |
| LEADER | 01382nam a2200289Ia 4500 | ||
|---|---|---|---|
| 008 | 240830s9999 xx 000 0 und d | ||
| 040 | |a BIBLIOTECA-RUPAP Mon 663.94 D352 | ||
| 041 | |a spa | ||
| 082 | |a Mon 663.94 D352 | ||
| 100 | 1 | |a Delgado Asher, Adolfo Enrique | |
| 100 | 1 | |b Tercero Castellón, Diego Alejandro | |
| 100 | 1 | |c Oviedo Marenco, Robert Enoc | |
| 245 | 1 | 0 | |a Estudio de prefactibilidad para la instalación de una planta productora y comercializadora de Té Grama envasada en el municipio de Managua |
| 260 | |a Managua |b UNI |c 2010 | ||
| 300 | |a 239 p. :il. | ||
| 500 | |a Contiene: anexos e Incluye: CD. | ||
| 502 | |a Tesis (Ingeniero Industrial)- UNI, 2010. | ||
| 520 | 3 | |a Presenta estudio de factibilidad para instalar una empresa productora y comercializadoras de bebidas naturales preenvasadas tomando e Té de Grama con limón como producto de introducción para consumidores dentro del municipio de Managua, se establecen las condiciones técnicas de producción requeridas por el proyecto y se determina la viabilidad financiera del proyecto | |
| 650 | 7 | |a TECNOLOGÍA DE LA BEBIDAS - TE | |
| 650 | 7 | |b ESTUDIO DE MERCADO | |
| 650 | 7 | |c ANÁLISIS DE RIESGO - INDUSTRIA | |
| 650 | 7 | |d COSTOS DE PRODUCCIÓN | |
| 650 | 7 | |e PROCESO DE PRODUCCIÓN | |
| 700 | 1 | |a Tutor: |b Fuentes Espinoza, Oscar Danilo | |
| 942 | |c BK |2 ddc | ||
| 991 | |a TESIS | ||
| 999 | |c 17717 | ||